| 000 | 00584nam a2200205Ia 4500 | ||
|---|---|---|---|
| 005 | 20250508160908.0 | ||
| 008 | 008 250505s9999 xx 000 0 eng d | ||
| 020 | _a0-07-041737-7 | ||
| 037 | _aTextual | ||
| 040 |
_aFEDL _beng _cFEDL |
||
| 041 |
_aeng _2eng |
||
| 084 |
_a370.1, MEY _qFEDL |
||
| 100 |
_aMeyer Adolphe E. _9139589 |
||
| 245 | 0 | _aGrandmasters of educational thought | |
| 260 |
_aNew York, USA _bMcGraw Hill Book Company _c1975 |
||
| 300 | _aix,302p. | ||
| 650 | _aEducation-Philosophy | ||
| 942 |
_cTEXL _h370.1, MEY |
||
| 999 |
_c1367244 _d1367244 |
||